000 00440cam a2200181ua 4500
020 _c1
041 _amal
_h
082 _a894.8121
_bBAL/MU
100 _aBalamani Amma, .
245 _aMuttassi /
_cBalamani Amma.
_hTextual Documents
250 _a2 /
_b.
260 _aCalicut :
_bMathrubhumi Printing & Publishing Companty Ltd ,
_c1966.
300 _a50 ; .
365 _a1
504 _a
942 _cBK
999 _c4005
_d4005